| Tag |
First Indicator |
Second Indicator |
Subfields |
| LEADER |
00000uam a2200000 a 4500 |
| 001 |
in00004251021 |
| 005 |
20260128205005.5 |
| 006 |
m o d |
| 007 |
cr cn |
| 008 |
100513s2003 xx o eng |
| 020 |
|
|
|z 9780735615113
|
| 020 |
|
|
|z 073561511X
|
| 035 |
|
|
|a (CaSebORM)073561511X
|
| 040 |
|
|
|d UtOrBLW
|
| 041 |
0 |
|
|a eng
|
| 100 |
1 |
|
|a Stinson, Craig,
|e author.
|0 http://id.loc.gov/authorities/names/n2017052419
|
| 245 |
1 |
0 |
|a Microsoft® Office Excel 2003 Inside Out /
|c Stinson, Craig.
|
| 250 |
|
|
|a 1st edition.
|
| 264 |
|
1 |
|b Microsoft Press,
|c 2003.
|
| 300 |
|
|
|a 1 online resource (1056 pages)
|
| 336 |
|
|
|a text
|b txt
|2 rdacontent
|
| 337 |
|
|
|a computer
|b c
|2 rdamedia
|
| 338 |
|
|
|a online resource
|b cr
|2 rdacarrier
|
| 347 |
|
|
|a text file
|
| 520 |
|
|
|a Take your Microsoft Excel experience to the next level! This supremely organized reference packs hundreds of timesaving solutions, troubleshooting tips, and handy workarounds for Excel 2003 in concise, fast-answer format.
|
| 533 |
|
|
|a Electronic reproduction.
|b Boston, MA :
|c Safari,
|n Available via World Wide Web.
|d 2003.
|
| 538 |
|
|
|a Mode of access: World Wide Web.
|
| 542 |
|
|
|g 2003
|
| 588 |
|
|
|a Online resource; Title from title page (viewed September 3, 2003)
|
| 500 |
|
|
|a Electronic resource.
|
| 655 |
|
7 |
|a Electronic books.
|2 local
|
| 700 |
1 |
|
|a Dodge, Mark,
|e author.
|0 http://id.loc.gov/authorities/names/n91021797
|
| 710 |
2 |
|
|a Safari, an O'Reilly Media Company.
|
| 856 |
4 |
0 |
|u https://proxy.library.tamu.edu/login?url=https://go.oreilly.com/TAMU/library/view/-/073561511X/?ar
|z Connect to this electronic resource
|t 0
|
| 999 |
f |
f |
|s 6a2e99e7-e8df-3f43-84d0-bc02cfc11564
|i c7fad6d8-8571-3e12-881b-d7bf577247ac
|t 0
|
| 952 |
f |
f |
|a Texas A&M University
|b College Station
|c Electronic Resources
|s www_evans
|d Available Online
|t 0
|h No information provided
|
| 998 |
f |
f |
|t 0
|l Available Online
|